1024 1329 1731 1897 1325 1578 1498 1218 1793 1075 1363 1637 1885 1867 1157 1831 1908 1581 1212 1196 1715 1390 1395 1269 1972 1854 1895 1438 1484 1158 1193 1824 1147 1740 1883 1897 1710 1810 1895 1293 1425 1201 1637 1097 1943 1763 1245 1237 1992 1753 1913 1471 1936 1728 1361 1697 1167 1105 1537 1926 1459 1616 1274 1096 1830 1139 1499 1364 1892 1266 1112 1037 1862 1085 1345 1879 1699 1508 1348 1239 1454 1920 1989 1388 1376 1132 1617 1769 1312 1878 1865 1461 1251 1538 1574 1777 1155 1982 1982 BCNSPRNW ULIB Ver.6.0+V

เปลี่ยนเป็นภาษาไทย

Change to English
 แสดงรายละเอียดบรรณานุกรม
  กลับหน้าหลัก

Brief Record : Get Marc (ISO 2709) : E-mail record : QR code < ปิดหน้าต่าง
LEADER : 00000nam 2200000uu 4500
001    13399112418
003     ULIB
008    110627s2553||||th 000 0 tha d
020    9786167030630(ล.2)
090    นว.^bห686ส ล.2 2553
100 0  เหมันต์
245 00 สงครามชีวิต โอชิน เล่ม 2/^cเหมันต์
250    พิมพ์ครั้งที่ 1
260    กรุงเทพฯ :^bอนิเมทกรุ๊ป,^c2553
300    232 หน้า
710 1  อนิเมทกรุ๊ป
945    ^p150^l0^i028031
995    ทศพร
999 ^a ใช้งานได้ทุกระบบ
รายการนี้ยังไม่มีแท็ก
คุณยังไม่ได้ล็อกอิน คุณสามารถมีกิจกรรมร่วมกับเว็บไซต์ได้ แต่ต้องล็อกอินก่อน ::
  ล็อกอิน

รายการสื่อสารสนเทศ

ลำดับที่ ประเภท เลขเรียก/บาร์โค้ด สถานที่ สถานะ
- ไม่พบข้อมูล -

รายการใกล้เคียง
    ผู้แต่ง [เหมันต์]

BibComment


ยังไม่เคยถูกคอมเมนท์

คอมเมนท์ทรัพยากรรายการนี้
  คอมเมนท์: สงครามชีวิต โอชิน..


 Copyright 2026. Bcnsprnw @Library